[Event "MCRE_KT25"]
[Site "?"]
[Date "2006.??.??"]
[Round "?"]
[White "Tyrlik, Jaroslav"]
[Black "Dojcinovic, Miroslav"]
[Result "1-0"]
[WhiteElo "2076"]
[BlackElo "1605"]
[PlyCount "77"]
[EventDate "2006.??.??"]
[EventType "schev (corr)"]
[EventRounds "2"]
[SourceDate "2007.01.09"]

1. d4 d5 2. Nf3 e6 3. Bg5 Be7 4. Bxe7 Nxe7 5. e3 O-O 6. Nbd2 Bd7 7. Bd3 Nbc6 8.
c3 a6 9. Qc2 h6 10. O-O Qe8 11. e4 dxe4 12. Bxe4 Kh8 13. Rfe1 Qd8 14. Nc4 Qc8
15. Rad1 Rd8 16. Nce5 Nxe5 17. Nxe5 Be8 18. Qe2 Kg8 19. Rd3 f6 20. Ng4 Ra7 21.
Nxf6+ gxf6 22. Rg3+ Kf8 23. Qg4 Bf7 24. Qg7+ Ke8 25. Qxf6 Ng8 26. Qg7 Ne7 27.
Rf3 Bh5 28. Rf8+ Kd7 29. Bf5 Rxf8 30. Bxe6+ Kc6 31. Qxe7 b6 32. Bxc8 Rxc8 33.
Qe4+ Kb5 34. d5 c5 35. a4+ Ka5 36. b4+ Kxa4 37. Qc2+ Kb5 38. c4+ Kxb4 39. Rb1+
1-0

[Event "MCRE_KT25"]
[Site "?"]
[Date "2006.??.??"]
[Round "?"]
[White "Dojcinovic, Miroslav"]
[Black "Tyrlik, Jaroslav"]
[Result "0-1"]
[WhiteElo "1605"]
[BlackElo "2076"]
[PlyCount "60"]
[EventDate "2006.??.??"]
[EventType "schev (corr)"]
[EventRounds "2"]
[SourceDate "2007.01.09"]

1. e4 e6 2. d4 d5 3. exd5 exd5 4. Bd3 Nf6 5. Qe2+ Be7 6. Nf3 O-O 7. Qd1 Re8 8.
O-O Bg4 9. Re1 c5 10. dxc5 Bxc5 11. Rxe8+ Qxe8 12. Bd2 Nc6 13. Be2 Rd8 14. Nc3
d4 15. Nb1 Bxf3 16. Bxf3 Ne5 17. Be2 d3 18. cxd3 Nxd3 19. Bxd3 Rxd3 20. Qf1 Qd7
21. Qe2 Ng4 22. h3 Nxf2 23. Kf1 Rxh3 24. gxh3 Qxh3+ 25. Ke1 Qh1+ 26. Qf1 Qe4+
27. Qe2 Nd3+ 28. Kd1 Nxb2+ 29. Kc1 Qxe2 30. Kxb2 Bd4+ 0-1

[Event "MCRE_KT25"]
[Site "?"]
[Date "2006.??.??"]
[Round "?"]
[White "Kukla, Petr"]
[Black "Martinec, Jan"]
[Result "1-0"]
[WhiteElo "2000"]
[BlackElo "2000"]
[PlyCount "45"]
[EventDate "2006.??.??"]
[EventType "schev (corr)"]
[EventRounds "2"]
[SourceDate "2007.01.09"]

1. d4 d5 2. c4 dxc4 3. Nf3 Nf6 4. e3 e6 5. Bxc4 c5 6. O-O a6 7. a4 Nc6 8. Qe2
Qc7 9. Bd2 Bd7 10. dxc5 Bxc5 11. Bc3 O-O 12. Bxf6 gxf6 13. Nbd2 Ne5 14. Nxe5
fxe5 15. Rac1 Qb6 16. a5 Qxb2 17. Rb1 Qa3 18. Ra1 Qxa1 19. Rxa1 Bc6 20. Qh5 Be7
21. Qxe5 Rad8 22. Ne4 Rd7 23. Ng3 1-0

[Event "MCRE_KT25"]
[Site "?"]
[Date "2006.??.??"]
[Round "?"]
[White "Hrdy, Tomas"]
[Black "Kukla, Petr"]
[Result "1/2-1/2"]
[WhiteElo "1600"]
[BlackElo "2000"]
[PlyCount "44"]
[EventDate "2006.??.??"]
[EventType "schev (corr)"]
[EventRounds "2"]
[SourceDate "2007.01.09"]

1. e4 e6 2. d4 d5 3. Nc3 Bb4 4. e5 c5 5. a3 Bxc3+ 6. bxc3 Ne7 7. Qg4 O-O 8. Nf3
Nbc6 9. Bd3 f5 10. exf6 Rxf6 11. Bg5 e5 12. Qh4 e4 13. Bxf6 gxf6 14. Qxf6 Qf8
15. Qxf8+ Kxf8 16. dxc5 exf3 17. gxf3 Ne5 18. f4 N5g6 19. Kd2 Nxf4 20. Bxh7 Ne6
21. h4 Nxc5 22. h5 Bf5 1/2-1/2

[Event "MCRE_KT25"]
[Site "?"]
[Date "2006.??.??"]
[Round "?"]
[White "Dojcinovic, Miroslav"]
[Black "Rotter, Walter"]
[Result "0-1"]
[WhiteElo "1605"]
[BlackElo "2016"]
[PlyCount "60"]
[EventDate "2006.??.??"]
[EventType "schev (corr)"]
[EventRounds "2"]
[SourceDate "2007.01.09"]

1. e4 e5 2. Nf3 Nf6 3. Nxe5 d6 4. Nc4 Nxe4 5. Nc3 Nxc3 6. dxc3 Be7 7. Bd3 Nd7
8. O-O Nc5 9. Re1 Nxd3 10. cxd3 O-O 11. Bf4 d5 12. Nd2 Re8 13. Nf3 Bg4 14. h3
Bh5 15. Qb3 Bxf3 16. Rad1 Bxd1 17. Qxd1 Qd7 18. d4 Bd6 19. Bxd6 Qxd6 20. Qc1
Kf8 21. Re3 Rxe3 22. Qxe3 Re8 23. Qc1 Re2 24. Kf1 Qa6 25. c4 Re4 26. Qc3 Qxc4+
27. Qxc4 dxc4 28. f3 Rxd4 29. Ke2 Rd6 30. a3 Rb6 0-1

[Event "MCRE_KT25"]
[Site "?"]
[Date "2006.??.??"]
[Round "?"]
[White "Kukla, Petr"]
[Black "Tyrlik, Jaroslav"]
[Result "1/2-1/2"]
[WhiteElo "2000"]
[BlackElo "2076"]
[PlyCount "39"]
[EventDate "2006.??.??"]
[EventType "schev (corr)"]
[EventRounds "2"]
[SourceDate "2007.01.09"]

1. d4 Nf6 2. c4 e6 3. g3 d5 4. Bg2 dxc4 5. Nf3 c5 6. O-O Nc6 7. Qa4 cxd4 8.
Nxd4 Qxd4 9. Bxc6+ Bd7 10. Rd1 Bxc6 11. Qxc6+ bxc6 12. Rxd4 Nd5 13. Rxc4 c5 14.
b3 Be7 15. Bb2 O-O 16. Nd2 f5 17. Rd1 Rfd8 18. Nf3 a5 19. Ne5 Rdc8 20. g4
1/2-1/2

[Event "MCRE_KT25"]
[Site "?"]
[Date "2006.??.??"]
[Round "?"]
[White "Hrdy, Tomas"]
[Black "Dojcinovic, Miroslav"]
[Result "1-0"]
[WhiteElo "1600"]
[BlackElo "1605"]
[PlyCount "45"]
[EventDate "2006.??.??"]
[EventType "schev (corr)"]
[EventRounds "2"]
[SourceDate "2007.01.09"]

1. e4 e5 2. Nf3 Nc6 3. d4 exd4 4. Nxd4 Bc5 5. Nb3 Bb6 6. a4 a5 7. Nc3 d6 8. Nd5
Ba7 9. Bb5 Bd7 10. O-O Ne5 11. Bxd7+ Qxd7 12. Be3 Bxe3 13. Nxe3 Nf6 14. Re1
Nxe4 15. Nd5 f5 16. f3 Ng5 17. f4 Ne4 18. fxe5 dxe5 19. Rxe4 fxe4 20. Qh5+ Kf8
21. Qxe5 Rd8 22. Rf1+ Kg8 23. Ne7+ 1-0

[Event "MCRE_KT25"]
[Site "?"]
[Date "2006.??.??"]
[Round "?"]
[White "Martinec, Jan"]
[Black "Hrdy, Tomas"]
[Result "0-1"]
[WhiteElo "2000"]
[BlackElo "1600"]
[PlyCount "48"]
[EventDate "2006.??.??"]
[EventType "schev (corr)"]
[EventRounds "2"]
[SourceDate "2007.01.09"]

1. e4 e5 2. Nf3 Nc6 3. d4 exd4 4. Nxd4 Nf6 5. Nxc6 bxc6 6. e5 Qe7 7. Qe2 Nd5 8.
c4 Ba6 9. b3 O-O-O 10. Qb2 Nb6 11. Be2 Re8 12. f4 f6 13. Nc3 fxe5 14. O-O exf4
15. Bxf4 g5 16. Bd2 Bg7 17. Bh5 Bxc4 18. Bxe8 Bxf1 19. Bxd7+ Qxd7 20. Rxf1 Qd4+
21. Kh1 Nd5 22. Rf3 g4 23. Rf7 Be5 24. Qc2 Nxc3 0-1

[Event "MCRE_KT25"]
[Site "?"]
[Date "2006.??.??"]
[Round "?"]
[White "Hrdy, Tomas"]
[Black "Rotter, Walter"]
[Result "1/2-1/2"]
[WhiteElo "1600"]
[BlackElo "2016"]
[PlyCount "54"]
[EventDate "2006.??.??"]
[EventType "schev (corr)"]
[EventRounds "2"]
[SourceDate "2007.01.09"]

1. e4 e5 2. Nf3 Nf6 3. Nxe5 d6 4. Nf3 Nxe4 5. Nc3 Nxc3 6. dxc3 Be7 7. Be3 O-O
8. Qd2 Nd7 9. O-O-O c6 10. Kb1 Ne5 11. Nxe5 dxe5 12. Qxd8 Rxd8 13. Rxd8+ Bxd8
14. Bc4 Bf5 15. f3 h5 16. h3 h4 17. Re1 Bf6 18. Bd3 Be6 19. c4 g5 20. Bd2 Re8
21. a4 b6 22. b3 Bd7 23. Be3 Be7 24. a5 c5 25. Be4 bxa5 26. Rd1 Be6 27. Kb2 a4
1/2-1/2

[Event "MCRE_KT25"]
[Site "?"]
[Date "2006.??.??"]
[Round "?"]
[White "Dojcinovic, Miroslav"]
[Black "Hrdy, Tomas"]
[Result "0-1"]
[WhiteElo "1605"]
[BlackElo "1600"]
[PlyCount "70"]
[EventDate "2006.??.??"]
[EventType "schev (corr)"]
[EventRounds "2"]
[SourceDate "2007.01.09"]

1. e4 e5 2. Nf3 Nc6 3. Bb5 a6 4. Ba4 Nf6 5. d4 exd4 6. O-O Be7 7. Re1 b5 8. e5
Nxe5 9. Nxe5 bxa4 10. Qxd4 O-O 11. Qxa4 Rb8 12. Nd3 Nd5 13. Bd2 Bf6 14. Na3 d6
15. Nc4 Nb6 16. Nxb6 Rxb6 17. Rab1 Bd7 18. Qf4 Rb5 19. Qc4 Be6 20. Qa4 Qa8 21.
c4 Rbb8 22. b3 Bf5 23. Ba5 Bxd3 24. Rbd1 Be4 25. Bxc7 Bxg2 26. Bxb8 Bh1 27. Kf1
Qg2+ 28. Ke2 Qf3+ 29. Kd2 Qxf2+ 30. Kd3 Qf3+ 31. Kd2 Qc3+ 32. Ke2 Bf3+ 33. Kf1
Qc2 34. Rd2 Qxd2 35. Re8 Qg2+ 0-1

[Event "MCRE_KT25"]
[Site "?"]
[Date "2006.??.??"]
[Round "?"]
[White "Rotter, Walter"]
[Black "Dojcinovic, Miroslav"]
[Result "1-0"]
[WhiteElo "2016"]
[BlackElo "1605"]
[PlyCount "87"]
[EventDate "2006.??.??"]
[EventType "schev (corr)"]
[EventRounds "2"]
[SourceDate "2007.01.09"]

1. d4 d5 2. c4 e6 3. Nf3 c5 4. cxd5 exd5 5. g3 Nc6 6. Bg2 Nf6 7. O-O Be7 8. Nc3
O-O 9. dxc5 Bxc5 10. Bg5 Be6 11. Rc1 Be7 12. Nd4 Rc8 13. a3 Nxd4 14. Qxd4 Qa5
15. Qd3 d4 16. Ne4 Rxc1 17. Rxc1 Rc8 18. Rxc8+ Bxc8 19. h3 Nxe4 20. Bxe7 Ng5
21. b4 Qe5 22. Bxg5 Qxg5 23. Qxd4 a6 24. Qd6 Qc1+ 25. Kh2 g6 26. Bd5 Qc2 27.
Qf4 Qf5 28. Qxf5 gxf5 29. Kg2 b5 30. Kf3 Kf8 31. Kf4 Kg8 32. Ke5 Kg7 33. h4 h6
34. Kd6 Kf6 35. Kc7 Be6 36. Bxe6 Kxe6 37. Kb6 Kd5 38. Kxa6 Kc4 39. h5 Kb3 40.
Kxb5 Kxa3 41. Kc5 f4 42. gxf4 Ka4 43. b5 Ka5 44. Kc6 1-0

[Event "MCRE_KT25"]
[Site "?"]
[Date "2006.??.??"]
[Round "?"]
[White "Kukla, Petr"]
[Black "Hrdy, Tomas"]
[Result "1/2-1/2"]
[WhiteElo "2000"]
[BlackElo "1600"]
[PlyCount "57"]
[EventDate "2006.??.??"]
[EventType "schev (corr)"]
[EventRounds "2"]
[SourceDate "2007.01.09"]

1. d4 Nf6 2. c4 g6 3. Nc3 e6 4. e4 d6 5. Nf3 Bg7 6. Be2 Nc6 7. O-O O-O 8. Qc2
Nd7 9. Be3 e5 10. Rad1 exd4 11. Nxd4 Nxd4 12. Bxd4 Bxd4 13. Rxd4 b6 14. f4 Bb7
15. Bf3 Kh8 16. Rd2 f6 17. b4 a5 18. a3 axb4 19. axb4 g5 20. Nd5 gxf4 21. Nxf4
Rg8 22. Nd5 Ne5 23. Bd1 Rg6 24. Rdf2 Bxd5 25. exd5 Qe7 26. Qc3 Qg7 27. g3 Rh6
28. Rf4 Rg8 29. Be2 1/2-1/2

[Event "MCRE_KT25"]
[Site "?"]
[Date "2006.??.??"]
[Round "?"]
[White "Dojcinovic, Miroslav"]
[Black "Kukla, Petr"]
[Result "0-1"]
[WhiteElo "1605"]
[BlackElo "2000"]
[PlyCount "54"]
[EventDate "2006.??.??"]
[EventType "schev (corr)"]
[EventRounds "2"]
[SourceDate "2007.01.09"]

1. e4 e6 2. Nf3 d5 3. Nc3 Nf6 4. e5 Nfd7 5. d4 c5 6. dxc5 Bxc5 7. Bb5 a6 8. Ba4
Qc7 9. Bg5 b5 10. Bb3 Nxe5 11. O-O Nbd7 12. Re1 O-O 13. Bf4 Bd6 14. Nxe5 Nxe5
15. Kf1 b4 16. Ne2 a5 17. Ba4 Nc4 18. Bxd6 Qxd6 19. b3 Nb2 20. Qd4 Nxa4 21.
bxa4 Qxh2 22. f3 Ba6 23. a3 Rfc8 24. axb4 axb4 25. Qb2 e5 26. Rab1 e4 27. fxe4
Rc6 0-1

[Event "MCRE_KT25"]
[Site "?"]
[Date "2006.??.??"]
[Round "?"]
[White "Kukla, Petr"]
[Black "Dojcinovic, Miroslav"]
[Result "1-0"]
[WhiteElo "2000"]
[BlackElo "1605"]
[PlyCount "59"]
[EventDate "2006.??.??"]
[EventType "schev (corr)"]
[EventRounds "2"]
[SourceDate "2007.01.09"]

1. d4 d5 2. c4 e6 3. g3 dxc4 4. Nf3 Bb4+ 5. Bd2 Bxd2+ 6. Nbxd2 b5 7. a4 c6 8.
Qc2 Nf6 9. b3 cxb3 10. Nxb3 b4 11. Bg2 Nfd7 12. a5 Bb7 13. O-O O-O 14. Rfd1 Na6
15. Rac1 Rc8 16. Nfd2 Qe7 17. Ne4 Rfd8 18. Qc4 Nf6 19. Nec5 Nxc5 20. Nxc5 Nd5
21. Rd2 Qg5 22. f4 Nxf4 23. gxf4 Qxf4 24. Rd3 Ba8 25. Rf1 Qg4 26. e4 Rb8 27.
Rdf3 b3 28. Rxf7 b2 29. Nxe6 h6 30. Rxg7+ 1-0

[Event "MCRE_KT25"]
[Site "?"]
[Date "2006.??.??"]
[Round "?"]
[White "Martinec, Jan"]
[Black "Dojcinovic, Miroslav"]
[Result "1-0"]
[WhiteElo "2000"]
[BlackElo "1605"]
[PlyCount "53"]
[EventDate "2006.??.??"]
[EventType "schev (corr)"]
[EventRounds "2"]
[SourceDate "2007.01.09"]

1. d4 d5 2. c4 e6 3. Nc3 c6 4. Nf3 dxc4 5. a4 Bb4 6. e3 b5 7. Bd2 a5 8. axb5
Bxc3 9. Bxc3 cxb5 10. b3 Bb7 11. bxc4 b4 12. Bb2 Nf6 13. Bd3 Nbd7 14. Qc2 Bxf3
15. gxf3 Qc7 16. O-O Qc6 17. e4 O-O 18. Rfe1 Nh5 19. Qd2 Qc7 20. e5 b3 21. Be4
Rab8 22. Ba3 b2 23. Rab1 Qxc4 24. Bxf8 Nxf8 25. Rxb2 Rxb2 26. Qxb2 Nf4 27. Kh1
1-0

[Event "MCRE_KT25"]
[Site "?"]
[Date "2006.??.??"]
[Round "?"]
[White "Dojcinovic, Miroslav"]
[Black "Martinec, Jan"]
[Result "0-1"]
[WhiteElo "1605"]
[BlackElo "2000"]
[PlyCount "52"]
[EventDate "2006.??.??"]
[EventType "schev (corr)"]
[EventRounds "2"]
[SourceDate "2007.01.09"]

1. e4 c5 2. Nf3 Nc6 3. Nc3 Nf6 4. Bb5 Nd4 5. e5 Nxb5 6. Nxb5 Ne4 7. Na3 c4 8.
Nxc4 d5 9. exd6 Nxd6 10. Nxd6+ Qxd6 11. O-O g6 12. d4 Bg7 13. c4 O-O 14. Be3
Rd8 15. Qb3 b6 16. c5 bxc5 17. dxc5 Qb8 18. c6 Be6 19. Qxb8 Rdxb8 20. c7 Rxb2
21. Rfd1 Rf8 22. Rd8 Rc2 23. Rxf8+ Bxf8 24. Bf4 Rc4 25. Bg3 h6 26. Rd1 Bg7 0-1

[Event "MCRE_KT25"]
[Site "?"]
[Date "2006.??.??"]
[Round "?"]
[White "Tyrlik, Jaroslav"]
[Black "Kukla, Petr"]
[Result "1/2-1/2"]
[WhiteElo "2076"]
[BlackElo "2000"]
[PlyCount "52"]
[EventDate "2006.??.??"]
[EventType "schev (corr)"]
[EventRounds "2"]
[SourceDate "2007.01.09"]

1. d4 d5 2. Bf4 Nf6 3. e3 e6 4. Nf3 Bd6 5. Ne5 O-O 6. Bd3 c5 7. c3 Nc6 8. Nd2
Qc7 9. Ndf3 cxd4 10. cxd4 Qa5+ 11. Nd2 Bxe5 12. dxe5 Ne4 13. a3 Nc5 14. Bc2 Qb5
15. Qb1 b6 16. Bxh7+ Kh8 17. Bc2 Ba6 18. Qd1 Kg8 19. b4 Nd3+ 20. Bxd3 Qxd3 21.
Rb1 Bb5 22. a4 Bc4 23. b5 Na5 24. h4 Nb7 25. Nxc4 Qxc4 26. Rc1 Qb4+ 1/2-1/2

[Event "MCRE_KT25"]
[Site "?"]
[Date "2006.??.??"]
[Round "?"]
[White "Martinec, Jan"]
[Black "Kukla, Petr"]
[Result "0-1"]
[WhiteElo "2000"]
[BlackElo "2000"]
[PlyCount "50"]
[EventDate "2006.??.??"]
[EventType "schev (corr)"]
[EventRounds "2"]
[SourceDate "2007.01.09"]

1. Nf3 d5 2. b3 Nf6 3. Bb2 Bg4 4. e3 Nbd7 5. d4 e6 6. Nbd2 Bd6 7. Be2 O-O 8.
O-O Bf5 9. c4 c6 10. cxd5 exd5 11. Nh4 Be6 12. Bd3 Bxh2+ 13. Kxh2 Ng4+ 14. Kg3
Ndf6 15. Nf5 g6 16. e4 dxe4 17. Nxe4 Nxe4+ 18. Bxe4 gxf5 19. Bd3 f4+ 20. Kxf4
Qh4 21. Qc2 Rfe8 22. Bxh7+ Kg7 23. Be4 Nxf2+ 24. Ke3 Bf5 25. d5+ Kg8 0-1

[Event "MCRE_KT25"]
[Site "?"]
[Date "2006.??.??"]
[Round "?"]
[White "Rotter, Walter"]
[Black "Martinec, Jan"]
[Result "1-0"]
[WhiteElo "2016"]
[BlackElo "2000"]
[PlyCount "75"]
[EventDate "2006.??.??"]
[EventType "schev (corr)"]
[EventRounds "2"]
[SourceDate "2007.01.09"]

1. d4 Nf6 2. c4 g6 3. Nc3 Bg7 4. e4 d6 5. Be2 O-O 6. Bg5 h6 7. Be3 Nbd7 8. Qd2
c5 9. d5 Qa5 10. f3 Kh7 11. Nh3 a6 12. O-O b5 13. cxb5 Nb6 14. Nf2 Nfd7 15.
Rfb1 Ne5 16. a3 Nec4 17. Qc1 Nxb2 18. Bd2 N6c4 19. Rxb2 Nxb2 20. Qxb2 axb5 21.
Bxb5 Ba6 22. Bc6 Rab8 23. Qc2 Qc7 24. a4 e6 25. Ra3 exd5 26. exd5 f5 27. Nb5
Bxb5 28. axb5 Bd4 29. Qc1 Qg7 30. Ra6 g5 31. b6 Kg8 32. b7 Qe5 33. Qe1 Qxe1+
34. Bxe1 h5 35. Ba5 c4 36. Kf1 g4 37. Bc7 c3 38. Bxb8 1-0

[Event "MCRE_KT25"]
[Site "?"]
[Date "2006.??.??"]
[Round "?"]
[White "Rotter, Walter"]
[Black "Hrdy, Tomas"]
[Result "1-0"]
[WhiteElo "2016"]
[BlackElo "1600"]
[PlyCount "97"]
[EventDate "2006.??.??"]
[EventType "schev (corr)"]
[EventRounds "2"]
[SourceDate "2007.01.09"]

1. d4 Nf6 2. c4 g6 3. Nc3 e6 4. Bg5 h6 5. Bh4 b6 6. e4 Bb7 7. e5 g5 8. Bg3 Ne4
9. Nxe4 Bxe4 10. Ne2 Bb4+ 11. Nc3 Nc6 12. h4 Qe7 13. a3 Bxc3+ 14. bxc3 Rg8 15.
f3 Bf5 16. f4 Be4 17. fxg5 hxg5 18. Qg4 Bf5 19. Qf3 Rh8 20. h5 Qf8 21. Be2
O-O-O 22. c5 Kb8 23. cxb6 cxb6 24. d5 Na5 25. d6 Rc8 26. Qe3 Rc5 27. Ba6 Ka8
28. a4 Qg7 29. Be2 Qh7 30. Kf2 Rhc8 31. Qxg5 Rxc3 32. Rac1 Bc2 33. Bf3+ Kb8 34.
Rh4 Nb3 35. Re1 Rg8 36. Qf4 Bf5 37. Re3 Rc2+ 38. Kg1 Nd2 39. Be2 Ne4 40. Bd3
Rc1+ 41. Kh2 Nxd6 42. Ba6 Nb7 43. Bxb7 Kxb7 44. a5 Rgc8 45. Qf3+ R1c6 46. axb6
axb6 47. Bf2 Qg7 48. Rb3 Kc7 49. Rc3 1-0

[Event "MCRE_KT25"]
[Site "?"]
[Date "2006.??.??"]
[Round "?"]
[White "Martinec, Jan"]
[Black "Rotter, Walter"]
[Result "0-1"]
[WhiteElo "2000"]
[BlackElo "2016"]
[PlyCount "74"]
[EventDate "2006.??.??"]
[EventType "schev (corr)"]
[EventRounds "2"]
[SourceDate "2007.01.09"]

1. e4 e5 2. Nc3 Nf6 3. f4 d5 4. fxe5 Nxe4 5. Nf3 Be7 6. d4 c5 7. Bd3 Nxc3 8.
bxc3 c4 9. Be2 Nc6 10. O-O O-O 11. Be3 b5 12. a4 b4 13. cxb4 Nxb4 14. c3 Nc6
15. Qe1 Rb8 16. Qg3 Bf5 17. Qf4 Bg6 18. Bd2 Na5 19. Ra2 Nb3 20. Qg4 Nxd2 21.
Nxd2 Bg5 22. Qg3 Bxd2 23. Rxd2 Qa5 24. Ra2 Rb3 25. Rc1 Rfb8 26. Raa1 Rb2 27.
Bf3 Bd3 28. Qg4 g6 29. Qd7 Rd8 30. Qe7 Bf5 31. Re1 Rdb8 32. Qd6 Qxc3 33. Qxd5
Bb1 34. Rf1 R2b6 35. Be4 Qe3+ 36. Kh1 Bxe4 37. Qxf7+ Kh8 0-1

[Event "MCRE_KT25"]
[Site "?"]
[Date "2006.??.??"]
[Round "?"]
[White "Rotter, Walter"]
[Black "Tyrlik, Jaroslav"]
[Result "0-1"]
[WhiteElo "2016"]
[BlackElo "2076"]
[PlyCount "86"]
[EventDate "2006.??.??"]
[EventType "schev (corr)"]
[EventRounds "2"]
[SourceDate "2007.01.09"]

1. d4 d5 2. c4 e6 3. Nf3 Nf6 4. g3 dxc4 5. Bg2 c5 6. O-O Nc6 7. Qa4 cxd4 8.
Nxd4 Qxd4 9. Bxc6+ Bd7 10. Rd1 Bxc6 11. Qxc6+ bxc6 12. Rxd4 c5 13. Rxc4 Nd5 14.
Nd2 Be7 15. Nb3 Rc8 16. e4 Nb6 17. Rc2 c4 18. Na5 Bb4 19. Nb7 Rc7 20. Bd2 Bxd2
21. Nd6+ Ke7 22. Rxd2 Rb8 23. Rc1 Rc6 24. Nb5 Na4 25. Nd4 Rcc8 26. b3 cxb3 27.
Rxc8 Rxc8 28. axb3 Nc3 29. Rc2 Kd7 30. f3 a5 31. h3 Rc5 32. Kf2 e5 33. Ke3 Rc7
34. Nf5 Nd5+ 35. Kd2 Rxc2+ 36. Kxc2 g6 37. Nh6 Nb4+ 38. Kc3 Ke6 39. g4 Nc6 40.
Kc4 Nd4 41. f4 Nf3 42. f5+ Kf6 43. g5+ Ke7 0-1

[Event "MCRE_KT25"]
[Site "?"]
[Date "2006.??.??"]
[Round "?"]
[White "Tyrlik, Jaroslav"]
[Black "Rotter, Walter"]
[Result "1-0"]
[WhiteElo "2076"]
[BlackElo "2016"]
[PlyCount "85"]
[EventDate "2006.??.??"]
[EventType "schev (corr)"]
[EventRounds "2"]
[SourceDate "2007.01.09"]

1. d4 Nf6 2. Bf4 d5 3. e3 c5 4. dxc5 e6 5. b4 Nc6 6. c3 Be7 7. Nd2 O-O 8. Bg3
a5 9. a3 Ne4 10. Nxe4 dxe4 11. Rc1 axb4 12. axb4 Qxd1+ 13. Rxd1 Bf6 14. Ne2 e5
15. h3 Be6 16. Bh2 Bb3 17. Rc1 Bc4 18. Ng3 Bd3 19. Bxd3 exd3 20. Kd2 Ra2+ 21.
Kxd3 Rxf2 22. Ne4 Rd8+ 23. Kc4 Rxg2 24. Rcg1 Rxg1 25. Rxg1 Kf8 26. Nd6 Rd7 27.
Ra1 Nd8 28. Kd5 Ke7 29. Bxe5 Bxe5 30. Kxe5 f6+ 31. Kf4 Ke6 32. Ra8 h5 33. e4 b6
34. Ra6 g5+ 35. Ke3 bxc5 36. Nb7+ Ke7 37. Nxc5 Rd1 38. Ra7+ Ke8 39. b5 Rh1 40.
b6 Rxh3+ 41. Kd4 Rh1 42. b7 Rb1 43. Ke3 1-0

[Event "MCRE_KT25"]
[Site "?"]
[Date "2006.??.??"]
[Round "?"]
[White "Hrdy, Tomas"]
[Black "Tyrlik, Jaroslav"]
[Result "1-0"]
[WhiteElo "1600"]
[BlackElo "2076"]
[PlyCount "101"]
[EventDate "2006.??.??"]
[EventType "schev (corr)"]
[EventRounds "2"]
[SourceDate "2007.01.09"]

1. e4 e6 2. d4 d5 3. Nc3 Nf6 4. e5 Nfd7 5. f4 c5 6. Nf3 Nc6 7. Be3 c4 8. f5 Qb6
9. Qc1 Bb4 10. fxe6 fxe6 11. Be2 O-O 12. O-O Be7 13. Kh1 Rf5 14. Rb1 Qa5 15. a3
Nf8 16. b4 cxb3 17. Rxb3 Qd8 18. Bd3 Rf7 19. Qe1 a6 20. Qg3 b5 21. Rbb1 Ra7 22.
Ne2 Bxa3 23. Nf4 Ne7 24. Bd2 Nf5 25. Qh3 Be7 26. Ra1 Qb6 27. Ne2 b4 28. g4 Nh6
29. Bxh6 gxh6 30. Qxh6 a5 31. Nf4 Bd8 32. Rf2 Ba6 33. Raf1 Bxd3 34. cxd3 Qb7
35. Ng5 Bxg5 36. Qxg5+ Kh8 37. Qh6 Qe7 38. Nxd5 Qb7 39. Rxf7 Qxd5+ 40. Kg1
Qxd4+ 41. Kg2 Qxg4+ 42. Kh1 Rxf7 43. Rxf7 Qd1+ 44. Kg2 Qe2+ 45. Kg1 Qd1+ 46.
Kf2 Qc2+ 47. Ke1 Qc3+ 48. Ke2 Qc2+ 49. Qd2 Qxd2+ 50. Kxd2 Kg8 51. Ra7 1-0

[Event "MCRE_KT25"]
[Site "?"]
[Date "2006.??.??"]
[Round "?"]
[White "Rotter, Walter"]
[Black "Kukla, Petr"]
[Result "0-1"]
[WhiteElo "2016"]
[BlackElo "2000"]
[PlyCount "80"]
[EventDate "2006.??.??"]
[EventType "schev (corr)"]
[EventRounds "2"]
[SourceDate "2007.01.09"]

1. d4 d5 2. c4 c6 3. Nf3 Nf6 4. Qc2 dxc4 5. Qxc4 Bf5 6. Bg5 Qb6 7. b3 Ne4 8.
Nbd2 e6 9. a3 Bd6 10. Nxe4 Bxe4 11. Qc3 f6 12. Bc1 Bd5 13. Nd2 e5 14. e4 Bf7
15. d5 Bc5 16. Qf3 O-O 17. Bc4 f5 18. O-O Bd4 19. Ra2 fxe4 20. Qxe4 cxd5 21.
Bxd5 Nd7 22. Qf3 Qc5 23. Bxb7 Rab8 24. Be4 Be6 25. Qh5 Nf6 26. Qh4 Nxe4 27.
Nxe4 Qd5 28. Ng5 Bf5 29. Rd2 Rxb3 30. Nf3 Rxf3 31. gxf3 Rf6 32. h3 Qxf3 33.
Rxd4 exd4 34. Kh2 Be4 35. Rg1 Kf7 36. Qg3 Qxf2+ 37. Qxf2 Rxf2+ 38. Kg3 Rf3+ 39.
Kg4 Kf6 40. a4 Rf2 0-1

[Event "MCRE_KT25"]
[Site "?"]
[Date "2006.??.??"]
[Round "?"]
[White "Kukla, Petr"]
[Black "Rotter, Walter"]
[Result "1-0"]
[WhiteElo "2000"]
[BlackElo "2016"]
[PlyCount "77"]
[EventDate "2006.??.??"]
[EventType "schev (corr)"]
[EventRounds "2"]
[SourceDate "2007.01.09"]

1. d4 Nf6 2. c4 g6 3. Nc3 d5 4. cxd5 Nxd5 5. e4 Nxc3 6. bxc3 Bg7 7. Bc4 O-O 8.
Ne2 Nc6 9. O-O b6 10. Be3 Bb7 11. Qd2 Na5 12. Bd3 e6 13. Bh6 c5 14. Bxg7 Kxg7
15. Qf4 Nc6 16. Rfd1 e5 17. dxe5 Qe7 18. e6 fxe6 19. Qg3 e5 20. Bc4 Na5 21. Bd5
Bxd5 22. Rxd5 Nc6 23. h4 Rad8 24. Rad1 Qf6 25. h5 g5 26. Qe3 Rxd5 27. Rxd5 Na5
28. Ng3 Nc4 29. Qe2 Nd6 30. f3 Kh8 31. Qd3 Nf7 32. Nf5 Rd8 33. Rd7 Kg8 34. Nh6+
Qxh6 35. Rxd8+ Nxd8 36. Qxd8+ Qf8 37. Qxg5+ Qg7 38. Qd8+ Kf7 39. Qd7+ 1-0

[Event "MCRE_KT25"]
[Site "?"]
[Date "2006.??.??"]
[Round "?"]
[White "Tyrlik, Jaroslav"]
[Black "Hrdy, Tomas"]
[Result "1/2-1/2"]
[WhiteElo "2076"]
[BlackElo "1600"]
[PlyCount "112"]
[EventDate "2006.??.??"]
[EventType "schev (corr)"]
[EventRounds "2"]
[SourceDate "2007.01.09"]

1. d4 Nf6 2. Bf4 c5 3. dxc5 Nc6 4. Nf3 e6 5. Bd6 Bxd6 6. cxd6 Qb6 7. b3 Ne4 8.
e3 Qa5+ 9. Nbd2 Nxd6 10. Bd3 b6 11. O-O O-O 12. c4 Bb7 13. a3 Ne7 14. Re1 Qh5
15. e4 Ng6 16. Nf1 f5 17. Ng3 Qh6 18. exf5 Nf4 19. Rc1 Rac8 20. b4 Nxf5 21.
Nxf5 exf5 22. Bf1 Be4 23. Qb3 Kh8 24. Nd4 Qf6 25. Qe3 Ng6 26. c5 bxc5 27. Rxc5
Rxc5 28. bxc5 Bd5 29. Nb5 f4 30. Qc3 Qg5 31. Kh1 Rb8 32. Nd6 h6 33. a4 Rb3 34.
Qc2 Ne5 35. Nf5 Qf6 36. f3 Ng6 37. Rc1 Ra3 38. Nd6 Ra1 39. h3 Bb3 40. Qd2 Nf8
41. Bb5 Bxa4 42. Bc4 Rxc1+ 43. Qxc1 Bc6 44. Qa3 Qh4 45. Qc3 a5 46. Qd2 a4 47.
Qe2 Qf6 48. Qe8 g6 49. Qe1 Ne6 50. Ne8 Qb2 51. Qh4 h5 52. Bxe6 dxe6 53. Qd8
Qc1+ 54. Kh2 Bxe8 55. Qxe8+ Kg7 56. Qd7+ Kf6 1/2-1/2

[Event "MCRE_KT25"]
[Site "?"]
[Date "2006.??.??"]
[Round "?"]
[White "Tyrlik, Jaroslav"]
[Black "Martinec, Jan"]
[Result "1-0"]
[WhiteElo "2076"]
[BlackElo "2000"]
[PlyCount "81"]
[EventDate "2006.??.??"]
[EventType "schev (corr)"]
[EventRounds "2"]
[SourceDate "2007.01.09"]

1. d4 Nf6 2. Nf3 g6 3. c4 Bg7 4. Nc3 d6 5. e4 O-O 6. Be2 e5 7. dxe5 dxe5 8.
Qxd8 Rxd8 9. Bg5 Nbd7 10. Rd1 Rf8 11. Nd5 c6 12. Ne7+ Kh8 13. Be3 Nb6 14. Nxc8
Raxc8 15. Nd2 Rfe8 16. b3 Bf8 17. c5 Nbd7 18. b4 a5 19. a3 axb4 20. axb4 b6 21.
g4 bxc5 22. g5 cxb4 23. gxf6 Nxf6 24. Bc4 Kg8 25. Rg1 Rcd8 26. f3 Nh5 27. Nb3
Nf4 28. Bxf4 exf4 29. Rg5 Rxd1+ 30. Kxd1 Rd8+ 31. Kc2 Be7 32. Ra5 Kf8 33. Ra7
Rc8 34. Nd4 c5 35. Ba6 Re8 36. Nc6 f5 37. Bc4 h5 38. Ne5 Rd8 39. Nf7 Rd4 40.
Ne5 Bf6 41. Rf7+ 1-0